28 Great Authors in the Portuguese Language - Statistics

General Stats
  • This quiz has been taken 5 times
  • The average score is 13 of 28
Answer Stats
Picture Hint Answer % Correct
(Portugal, 1845-1900) Cousin Bazilio; The Mandarin; Eça de Queirós
100%
(Portugal, 1888-1935) The Book of Disquiet; A Little Larger Than the Entire Universe; Fernando Pessoa
100%
(Portugal, 1922-2010) Blindness; The Gospel According to Jesus Christ; José Saramago
100%
(Portugal, 1524-1580) The Lusiads; Luis Vaz de Camões
100%
(Portugal, 1971) The Books that Devoured my Father; Afonso Cruz
67%
(Ukraine, 1920-1977) The Hour of the Star; Near to the Wild Heart; Clarice Lispector
67%
(Angola, 1970) Jerusalem; Learning to Pray in the Age of Technique; Gonçalo M. Tavares
67%
(Brazil, 1912-2001) Gabriela, Clove and Cinnamon; Captains of the Sands; Jorge Amado
67%
(Angola, 1960) A General Theory of Oblivion;The Book of Chameleons; José Eduardo Agualusa
67%
(Brazil, 1935) Miserere; The Mystical Rose; Adélia Prado
33%
(Portugal, 1922-2019) The Sibyl; Fanny Owen; Agustina Bessa-Luís
33%
(Portugal, 1942) The Natural Order of Things; Knowledge of Hell; António Lobo Antunes
33%
(Brazil, 1902-1987) Multitudinous Heart; Traveling in Family; Carlos Drummond de Andrade
33%
(Brazil, 1946) Watered Eyes; Insubmissive Women’s Tears; Conceição Evaristo
33%
(Brazil, 1892-1953) Barren Lives; São Bernardo; Graciliano Ramos
33%
(Brazil, 1908-1967) The Devil to Pay in the Backlands; The Third Bank of the River and Other Stories; Guimarães Rosa
33%
(Brazil, 1881-1922) The Sad End of Policarpo Quaresma; The Man Who Knew Javanese; Lima Barreto
33%
(Brazil, 1936)The Lies that Men Tell; Borges and the Eternal Orangutans; Luís Fernando Veríssimo
33%
(Brazil, 1918-2022) Marble Dance; The Girl in the Photograph; Lygia Fagundes Telles
33%
(Brazil, 1839-1908) Dom Casmurro; The Posthumous Memoirs of Brás Cubas; Machado de Assis
33%
(Portugal, 1964) The Return; Eliete: A Normal Life; Maria Dulce Cardoso
33%
(Brazil, 1906-1994) Laziness with Work Method; Chew me up slowly; Mário Quintana
33%
(Mozambique, 1955) Sleepwalking Land; Confession of the Lioness; Mia Couto
33%
(Brazil, 1882-1948) The Reform of Nature; Saci; Monteiro Lobato
33%
(Mozambique, 1955) The First Wife: A Tale of Polygamy; Paulina Chiziane
33%
(Angola, 1971) The son of a thousand men; The Machine for Making Spaniards; Valter Hugo Mãe
33%
(Brazil, 1916-2008) Anarchist, Thank God; The House of the Red River; Zélia Gattai
33%
(Brasil, 1979) Crooked Plow; Itamar Vieira Júnior
0%
No matching quizzes found
Score Distribution
Percent of People with Each Score
Percentile by Number Answered
Your Score History
You have not taken this quiz